Automatizácia poľnohospodárskych technologických procesov a ich riadenie

Bibliographic Details
Main Author: Krčula, Ján, 1934- (Author)
Format: Article
Language:Slovak
PhysicalDescription:Sch. 1.
Subjects:

MARC

LEADER 00000nab a2200000 a 4500
001 vtls000059183
003 SK-MaSNL
005 20260304175923.0
008 111031c1979 xo 0 slo
015 |a SNBRA19rr/mm-uuuuu 
035 |a CL0069283 
040 |a SNKBUCL  |b slo  |c SNKBUCL  |e AACR2 
041 0 |a slo 
044 |a xo  |c SK 
080 |a 681.5  |2 1981 
080 |a 631.1  |2 1981 
100 1 |a Krčula, Ján,  |d 1934-  |4 aut  |9 258793 
245 1 0 |a Automatizácia poľnohospodárskych technologických procesov a ich riadenie  |c Ján Krčula 
300 |b Sch. 1. 
650 0 7 |a poľnohospodárstvo  |2 snkbucl  |9 679 
650 0 7 |a automatizácia  |2 snkbucl  |9 1428 
655 7 |a články zo zborníkov  |2 snkbucl  |9 166140 
773 0 |t Elektrotechnika v poľnohospodárstve  |d Bratislava : Dom techniky ČSVTS, 1979  |g S. 102-115 
850 |a Slovenská národná knižnica v Martine  |a MTA001 
852 |a SNK  |b KIS3GCP 
958 |a RK 
992 |a RZB 
999 |c 3015730  |d 3017660